[Event "AUTO-ELITE-1941"]
[Site "http://www.queenalice.com/game.php?id=1516483"]
[Date "2018.2.18"]
[Round "1"]
[White "BEBADO"]
[Black "bobjgirl"]
[Result "1-0"]
[WhiteElo "2208"]
[BlackElo "2369"]

1. e4 e5 2. Nf3 Nc6 3. d4 exd4 4. Nxd4 Bc5 5. Be3 Qf6 6. c3 Nge7 7. Qd2 O-O 8.
Nb5 Bxe3 9. Qxe3 Qe5 10. Nd2 f5 11. f4 Qf6 12. e5 Qh6 13. Nxc7 Rb8 14. Bc4+ Kh8
15. O-O a6 16. Nd5 d6 17. Nxe7 Nxe7 18. exd6 Qxd6 19. Rae1 Nc6 20. Nf3 Bd7 21.
Ne5 Rbe8 22. Rd1 Qh6 23. Qd2 Nxe5 24. fxe5 Bc6 25. Qxh6 gxh6 26. e6 Re7 27. Rf4
Kg7 28. Rdf1 Be4 29. g4 Kf6 30. Rxe4 1-0

[Event "AUTO-ELITE-1941"]
[Site "http://www.queenalice.com/game.php?id=1516484"]
[Date "2018.2.18"]
[Round "1"]
[White "bobjgirl"]
[Black "BEBADO"]
[Result "0-1"]
[WhiteElo "2307"]
[BlackElo "2247"]

1. e4 c5 2. Nf3 e6 3. d4 cxd4 4. Nxd4 Nf6 5. Nc3 d6 6. Be3 a6 7. Qd2 b5 8. f3
Bb7 9. O-O-O Nbd7 10. g4 h6 11. h4 d5 12. exd5 Nxd5 13. Nxd5 Bxd5 14. Rh3 Rc8
15. Kb1 Be7 16. f4 h5 17. g5 g6 18. f5 exf5 19. Nxf5 Be4 20. Nd4 O-O 21. Bf4 Nb6
22. Re3 Bb7 23. Qe1 Nd5 24. Re2 Bb4 25. Qg3 Qb6 26. Be5 Rfe8 27. Bh3 Rcd8 28. c3
Bf8 29. Bg2 Bg7 30. Rde1 Bxe5 31. Rxe5 Rxe5 32. Rxe5 b4 33. Bxd5 Bxd5 34. Ne2
bxc3 35. Nxc3 Be6 36. Qe1 Rb8 37. Qe2 Kg7 38. Qf1 Qxb2# 0-1

[Event "AUTO-ELITE-1941"]
[Site "http://www.queenalice.com/game.php?id=1516489"]
[Date "2018.2.18"]
[Round "1"]
[White "bobjgirl"]
[Black "FabioDavid"]
[Result "0-1"]
[WhiteElo "2253"]
[BlackElo "2499"]

1. e4 e5 2. Nf3 Nc6 3. Bc4 Nf6 4. d3 h6 5. O-O d6 6. a3 Be7 7. h3 O-O 8. Nbd2 a6
9. Re1 Bd7 10. Nf1 Be6 11. Ng3 Nxe4 12. Nxe4 d5 13. Bxd5 Bxd5 14. Nc3 Bxf3 15.
Qxf3 Nd4 16. Qd1 Qd6 17. Ne4 Qd7 18. Be3 f5 19. Bxd4 Qxd4 20. c3 Qb6 21. Ng3
Qxb2 22. Rxe5 Bd6 23. Re2 Qxc3 24. Rb1 b5 25. Rb3 Qf6 26. Nf1 Rfe8 27. Rbb2 Rad8
28. Ne3 f4 29. Nd5 Qf7 30. Nb4 f3 31. Rxe8+ Rxe8 32. gxf3 Qf4 0-1

[Event "AUTO-ELITE-1941"]
[Site "http://www.queenalice.com/game.php?id=1516490"]
[Date "2018.2.18"]
[Round "1"]
[White "FabioDavid"]
[Black "bobjgirl"]
[Result "1-0"]
[WhiteElo "2551"]
[BlackElo "2321"]

1. b3 Nf6 2. Bb2 e6 3. Nf3 c5 4. e3 Nc6 5. Bb5 Qc7 6. O-O Be7 7. Bxc6 bxc6 8. d3
d5 9. Nbd2 O-O 10. h3 e5 11. Bxe5 Bd6 12. Bxd6 Qxd6 13. Re1 a5 14. a4 h6 15. e4
Nh7 16. Nf1 Be6 17. Ng3 Rae8 18. Qd2 Qc7 19. Qc3 c4 20. bxc4 dxc4 21. dxc4 Qf4
22. Nh5 1-0

[Event "AUTO-ELITE-1942"]
[Site "http://www.queenalice.com/game.php?id=1516648"]
[Date "2018.2.19"]
[Round "1"]
[White "bobjgirl"]
[Black "LoveChess"]
[Result "0-1"]
[WhiteElo "2276"]
[BlackElo "2899"]

1. e4 c6 2. d4 d5 3. Nc3 dxe4 4. Nxe4 Bf5 5. Ng3 Bg6 6. Nf3 Nd7 7. Bd3 e6 8. O-O
Ngf6 9. a4 c5 10. Bg5 cxd4 11. Bxg6 hxg6 12. Qxd4 Qc7 13. c4 Bc5 14. Qc3 a5 15.
Rad1 O-O 16. b3 Rad8 17. Rd3 e5 18. Nd2 Bb4 19. Qc2 Qc6 20. Rd1 Nc5 21. Rxd8
Rxd8 22. Nf3 Rxd1+ 23. Qxd1 Qd7 24. Qxd7 Nfxd7 25. Kf1 Nxb3 0-1

[Event "AUTO-ELITE-1942"]
[Site "http://www.queenalice.com/game.php?id=1516651"]
[Date "2018.2.19"]
[Round "1"]
[White "pumamercedino"]
[Black "bobjgirl"]
[Result "1-0"]
[WhiteElo "2607"]
[BlackElo "2316"]

1. d4 d5 2. c4 dxc4 3. Nf3 a6 4. a4 Nc6 5. e3 Na5 6. Nbd2 Nf6 7. Nxc4 Nxc4 8.
Bxc4 e6 9. O-O c5 10. Qe2 Bd7 11. Rd1 Qc7 12. e4 cxd4 13. e5 Nd5 14. Bxd5 exd5
15. Nxd4 Be7 16. e6 fxe6 17. Nxe6 Bxe6 18. Qxe6 Qd6 19. Qxd6 Bxd6 20. g3 Kf7 21.
Rxd5 Ke6 22. Rd3 Rac8 23. Be3 Be5 24. Re1 Kf6 25. f4 Bxb2 26. Rb1 1-0

[Event "AUTO-ELITE-1943"]
[Site "http://www.queenalice.com/game.php?id=1516736"]
[Date "2018.2.20"]
[Round "1"]
[White "bobjgirl"]
[Black "TigranPetrosian"]
[Result "0-1"]
[WhiteElo "2275"]
[BlackElo "2628"]

1. e4 e6 2. d4 d5 3. Nd2 Nf6 4. exd5 exd5 5. Bd3 Be7 6. Ngf3 Bg4 7. O-O O-O 8.
c3 Nbd7 9. Qc2 c6 10. Ne5 Bh5 11. f4 c5 12. Qb1 cxd4 13. cxd4 Nxe5 14. fxe5 Ne4
15. Bxe4 dxe4 16. Qxe4 Bg6 17. Qe3 Bg5 18. Qf2 Bh4 19. Qe3 Bg5 20. Qf2 Bh4 21.
g3 Be7 22. Nf3 Rc8 23. Rd1 Be4 24. Be3 Rc2 25. Rd2 Rxd2 26. Nxd2 Bc6 27. h4 Qd5
28. Kh2 f6 29. Bf4 g5 30. hxg5 fxg5 31. Rg1 Kh8 32. b3 Qe6 33. Nf3 Qh6+ 0-1

[Event "AUTO-ELITE-1943"]
[Site "http://www.queenalice.com/game.php?id=1516737"]
[Date "2018.2.20"]
[Round "1"]
[White "TigranPetrosian"]
[Black "bobjgirl"]
[Result "1-0"]
[WhiteElo "2627"]
[BlackElo "2277"]

1. d4 d5 2. c4 dxc4 3. Nf3 a6 4. e3 Nf6 5. Bxc4 e6 6. O-O c5 7. Qe2 b5 8. Bb3
Bb7 9. Rd1 Nbd7 10. a4 c4 11. Bc2 Qb8 12. e4 Be7 13. Nc3 b4 14. e5 bxc3 15. exf6
cxb2 16. fxg7 Rg8 17. Bxb2 Bd5 18. Be4 Qb7 19. Bxd5 Qxd5 20. Rac1 Rc8 21. Ne5
Rxg7 22. g3 Nxe5 23. dxe5 Qc6 24. Rd4 Qxa4 25. Rdxc4 Rxc4 26. Rxc4 Qd7 27. Qc2
a5 28. Rc7 Qd5 29. Qa4+ Kd8 30. Rc4 Bb4 31. Rd4 1-0

[Event "AUTO-ELITE-1943"]
[Site "http://www.queenalice.com/game.php?id=1516738"]
[Date "2018.2.20"]
[Round "1"]
[White "bobjgirl"]
[Black "Seleuco"]
[Result "0-1"]
[WhiteElo "2384"]
[BlackElo "2557"]

1. e4 c5 2. Nf3 e6 3. d4 cxd4 4. Nxd4 a6 5. Be3 Nf6 6. Nc3 Bb4 7. Bd3 O-O 8. O-O
d6 9. Nce2 e5 10. Nb3 d5 11. exd5 e4 12. Bxe4 Nxe4 13. Qd4 Qe7 14. a3 Bd6 15. c4
Nd7 16. Qd1 Ndf6 17. h3 Re8 18. Nbd4 Qc7 19. Rc1 Bd7 20. b4 b5 21. c5 Bh2+ 22.
Kh1 Nxd5 23. Nxb5 Bxb5 0-1

[Event "AUTO-ELITE-1943"]
[Site "http://www.queenalice.com/game.php?id=1516739"]
[Date "2018.2.20"]
[Round "1"]
[White "Seleuco"]
[Black "bobjgirl"]
[Result "1-0"]
[WhiteElo "2568"]
[BlackElo "2377"]

1. b3 e5 2. Bb2 Nc6 3. e3 d5 4. Bb5 Bd6 5. Nf3 Qe7 6. c4 dxc4 7. bxc4 Bd7 8. c5
Bxc5 9. Bxc6 Bxc6 10. Nxe5 Bd5 11. Nd3 Nf6 12. Nxc5 Qxc5 13. O-O Qc6 14. f3 O-O
15. d4 Rfd8 16. e4 Bc4 17. Rf2 Qe6 18. Na3 Ba6 19. d5 Qe7 20. Qc1 Rac8 21. Nc2
c6 22. d6 Qe6 23. Nd4 Qxd6 24. Nf5 Qf8 25. Qg5 Ne8 26. Ne7+ Kh8 27. Nxc8 Rxc8
28. Rd2 f6 29. Qf5 Nd6 30. Rxd6 1-0

[Event "AUTO-ELITE-1944"]
[Site "http://www.queenalice.com/game.php?id=1516839"]
[Date "2018.2.21"]
[Round "1"]
[White "Mulder"]
[Black "bobjgirl"]
[Result "1-0"]
[WhiteElo "2476"]
[BlackElo "2358"]

1. d4 d5 2. c4 dxc4 3. e4 c5 4. d5 Nf6 5. Nc3 e6 6. Bxc4 exd5 7. exd5 a6 8. Nf3
b5 9. O-O Be7 10. Bf4 Nh5 11. Bxb8 Rxb8 12. Ne5 O-O 13. Nc6 Qd6 14. Ne4 Qc7 15.
Nxb8 Qxb8 16. d6 Bxd6 17. Nxd6 bxc4 18. Nxc8 1-0

[Event "AUTO-ELITE-1944"]
[Site "http://www.queenalice.com/game.php?id=1516840"]
[Date "2018.2.21"]
[Round "1"]
[White "bobjgirl"]
[Black "Mulder"]
[Result "0-1"]
[WhiteElo "2338"]
[BlackElo "2493"]

1. e4 c5 2. Nf3 d6 3. d4 cxd4 4. Nxd4 Nf6 5. Nc3 Nc6 6. Be2 e5 7. Nb3 Be7 8. O-O
O-O 9. Bg5 Nxe4 10. Nxe4 Bxg5 11. Qxd6 Be7 12. Qxd8 Rxd8 13. Rad1 Bf5 14. Bf3
Nb4 15. c3 Nd3 16. Rd2 Bg6 17. Rfd1 Nxb2 18. Rxd8+ Rxd8 19. Rxd8+ Bxd8 20. Nd6
b6 21. Nd2 Kf8 22. N2e4 f5 23. Nd2 Bg5 24. Nb3 a5 25. Nc8 Bd8 26. Bc6 Bf7 27.
Nc1 Be6 28. Na7 Bg5 29. Ne2 Bxa2 30. Nc8 a4 31. Nxb6 a3 32. Nd7+ Ke7 33. Nxe5
Be6 0-1

[Event "AUTO-ELITE-1944"]
[Site "http://www.queenalice.com/game.php?id=1516845"]
[Date "2018.2.21"]
[Round "1"]
[White "MMA34"]
[Black "bobjgirl"]
[Result "1-0"]
[WhiteElo "2196"]
[BlackElo "2380"]

1. e4 d6 2. d4 Nf6 3. Nc3 e5 4. dxe5 dxe5 5. Qxd8+ Kxd8 6. Nf3 Bd6 7. Bc4 Ke8 8.
Bg5 Nbd7 9. O-O a6 10. Rfe1 h6 11. Bxf6 Nxf6 12. Nd5 Nxd5 13. exd5 f6 14. Bd3 g5
15. Bg6+ Kf8 16. a3 h5 17. Bd3 h4 18. h3 g4 19. hxg4 Bxg4 20. Nh2 Bd7 21. Re3
Ke7 22. Rd1 f5 23. c4 f4 24. Rf3 Rag8 25. b4 b6 26. Re1 Kd8 27. Kh1 Rg5 28. Be4
Rhg8 29. Rc3 h3 30. gxh3 Rh5 31. Bg2 Rgh8 32. c5 bxc5 33. bxc5 Be7 34. c6 Bxh3
35. Bxh3 Rxh3 36. Rxh3 Rxh3 37. Kg2 Rh5 38. Nf3 Bd6 39. Re4 Ke7 40. Ra4 Kf6 41.
Nd2 Rg5+ 42. Kf1 Rh5 43. Rxa6 Rh1+ 44. Ke2 Rc1 45. Ne4+ Ke7 46. Kd2 Rc4 47. Nc3
Bc5 48. f3 Be3+ 49. Kd3 Rd4+ 50. Ke2 Rd2+ 51. Ke1 Rd3 52. Nb5 Rxd5 53. Nxc7 Rc5
54. a4 e4 55. fxe4 f3 56. Nd5+ 1-0

[Event "AUTO-ELITE-1944"]
[Site "http://www.queenalice.com/game.php?id=1516846"]
[Date "2018.2.21"]
[Round "1"]
[White "bobjgirl"]
[Black "MMA34"]
[Result "1-0"]
[WhiteElo "2366"]
[BlackElo "2261"]

1. d4 Nf6 2. c4 e6 3. Nf3 Nc6 4. Nc3 Bb4 5. e3 O-O 6. Bd3 d5 7. O-O a6 8. Qc2
dxc4 9. Bxc4 Qd7 10. Rd1 Rd8 11. Bd2 Bd6 12. e4 Nb4 13. Qb1 Be7 14. e5 Nfd5 15.
Ne4 Nc6 16. Bg5 b6 17. a3 Bb7 18. Qc1 Na5 19. Ba2 Bxg5 20. Qxg5 h6 21. Qg4 Kh7
22. Bb1 g6 23. Ba2 Kg7 24. h4 Qa4 25. h5 g5 26. Nfxg5 hxg5 27. Qxg5+ Kf8 28. h6
Ke8 29. Bxd5 Kd7 30. Nf6+ Kc8 31. Bxb7+ Kxb7 32. h7 Rh8 33. Qg7 1-0